Statistics for Geography- I

Click here to take the quiz!

General Stats

  • This quiz has been taken 50 times
  • The average score is 14 of 18

Answer Stats

HintAnswer% Correct
Its capital is New DelhiIndia
100%
Its Capital is ReykjavikIceland
98%
Country of Rome, Milan, Turin, Florence etcItaly
98%
Country that borders the aboveIran
96%
Its Capital is BaghdadIraq
96%
Home of Dublin, Limerick, CorkIreland
96%
Midwestern American State, known for Motor SpeedwayIndiana
93%
Home of Tel Aviv, Jerusalem,Israel
93%
Country with almost 19,000 IslandsIndonesia
91%
Capital of PakistanIslamabad
91%
Peninsula divided by Spain and PortugalIberia
85%
State that borders the aboveIllinois
83%
Largest Empire in Pre-Columbian AmericaInca
80%
Sea, south of Adriatic SeaIonian Sea
54%
City on Turkey’s Aegean coastIzmir
54%
Town in SuffolkIpswich
41%
City in BavariaIngolstadt
17%
City in the Central of aboveIsfahan
17%

Score Distribution

Percentile by Number Answered

Percent of People with Each Score

Your Score History

You have not taken this quiz